000 00558nam a2200193 a 4500
005 20210219153524.0
008 991125n 000 0 u
035 _aUPN01000104639
100 1 _aHernández Oscaris, Roberto
222 _aPEDAGOGIA CUBANA
245 _aValoraciones sobre algunas ideas pedagógicas de Salvador García Agüero
300 _a101-110
362 0 _a1989 Año 1, no. 2, jul.-sep.
653 0 _aENSEÑANZA
653 0 _aGARCIA AGÜERO, SALVADOR
653 0 _aIDEAS EDUCATIVAS
904 _aAC
_b042450
905 _aArticulo
999 _c79026
_d79026